| 000 | 01189nac a22003011u 4500 | ||
|---|---|---|---|
| 003 | EG-ScBUE | ||
| 005 | 20211025125949.0 | ||
| 008 | 090317s2004 sy f b 000 0 ara d | ||
| 040 |
_aEG-ScBUE _bara _erda _cEG-ScBUE _dEG-ScBUE |
||
| 043 | _aa-sy--- | ||
| 082 | 0 | 4 |
_a330.95691 _bر م ز _222 |
| 100 | 1 |
_aرمزي، محمود، _eمؤلف. |
|
| 245 | 1 | 2 |
_aالمقومات الأساسية للواقع الاقتصادي الراهن في سورية / _cالدكتور محمود رمزي. |
| 250 | _aالطبعة الأولى. | ||
| 264 | 1 |
_aدمشق : _bمنشورات وزارة الثقافة، _c2004. |
|
| 300 |
_a141 صفحة ؛ _c24 سم. |
||
| 336 |
_2rdacontent _aنص _btxt |
||
| 337 |
_2rdamedia _aبدون وسيط _bn |
||
| 338 |
_2rdacarrier _aمجلد _bnc |
||
| 490 | 0 |
_aفي المجتمع والاقتصاد ؛ _v4 |
|
| 504 | _aيشتمل على إرجاعات ببليوجرافية. | ||
| 541 | _cإهداء. | ||
| 650 | 7 |
_aالتنمية الاقتصادية _zسوريا. _2BUEsh |
|
| 651 | 7 |
_921911 _aسوريا _xأحوال اقتصادية. _2BUEsh |
|
| 653 |
_bBUSECO _cOctober2021 |
||
| 655 |
_vReading book _934232 |
||
| 942 |
_cBB _k330.95691 ر م ز _2ddc |
||
| 999 |
_c6737 _d6737 |
||